MARC

LEADER 00000nas a2200000 a 4500
001 ssj0012224
003 WaSeSS
005 20200512172242.0
006 m d
007 cr n
008 050614d20002001vaubr pss 0 a0eng c
010 |a  2006266557 
022 |a 2163-3711  |y 1529-8663 
035 |a (WaSeSS)ssj0012224 
040 |a OCLCS  |b eng  |c OCLCS  |d PIT  |d SBH  |d GBT  |d DLC  |d OCLCQ  |d OCLCO  |d OCLCF  |d OCLCO  |d OCLCQ  |d U3W  |d WYU  |d OCLCO  |d OCLCA  |d VT2  |d OCLCO  |d OCLCA  |d WaSeSS 
042 |a pcc  |a nsdp 
050 1 4 |a RC963  |b .A135 
060 4 |a W1  |b AM4365 
082 1 0 |a 613  |2 14 
130 0 |a AIHAJ (Online) 
210 0 |a AIHAJ  |b (Online) 
222 0 |a AIHAJ  |b (Online) 
245 1 0 |a AIHAJ  |h [electronic resource]. 
246 1 |i Some providers list under the later title:  |a AIHA journal 
246 3 |a American Industrial Hygiene Association journal 
260 |a [Fairfax, VA] :  |b American Industrial Hygiene Association,  |c 2000-2001. 
310 |a Bimonthly 
362 0 |a Vol. 61, no. 1 (Jan./Feb. 2000)-v. 62, no. 6 (Nov./Dec. 2001). 
500 |a Title from article PDF (Taylor & Francis Web site, viewed May 12, 2006). 
506 |a License restrictions may limit access. 
538 |a Mode of access: World Wide Web. 
650 0 |a Medicine, Industrial  |v Periodicals. 
650 0 |a Industrial hygiene  |v Periodicals. 
650 7 |a Industrial hygiene.  |2 fast  |0 (OCoLC)fst00971122 
650 7 |a Medicine, Industrial.  |2 fast  |0 (OCoLC)fst01015256 
650 1 2 |a Occupational Health. 
650 2 2 |a Environmental Health. 
650 2 2 |a Occupational Medicine. 
655 0 |a Electronic journals. 
710 2 |a American Industrial Hygiene Association. 
776 1 |t AIHAJ  |x 1529-8663  |w (DLC) 00227197  |w (OCoLC)43652058 
780 0 0 |t American Industrial Hygiene Association journal (Online)  |x 2163-369X  |w (DLC) 2006266556  |w (OCoLC)42590429 
785 0 0 |t AIHA journal (Online)  |x 1542-8125  |w (DLC) 2002211780  |w (OCoLC)45764304 
856 4 0 |z Full text available from Research Library: 2000 to 2001  |u https://search.proquest.com/publication/27378